Fokozzuk gépkocsi szolgálatos tisztjeink műszaki képzettségét (Petrenko ezredes cikke nyomán.)

Elmentve itt :
Bibliográfiai részletek
Dokumentumtípus: Cikk
Megjelent: 1950
Sorozat:Honvéd : katonai folyóirat 5 No. 9
Kulcsszavak:Hadtudomány
Online Access:http://misc.bibl.u-szeged.hu/14626
LEADER 00579nab a2200157 i 4500
001 misc14626
005 20191106141713.0
008 170607s1950 hu o 0|| hun d
040 |a SZTE Miscellanea Repozitórium  |b hun 
041 |a hun 
245 0 0 |a Fokozzuk gépkocsi szolgálatos tisztjeink műszaki képzettségét   |h [elektronikus dokumentum] :  |b (Petrenko ezredes cikke nyomán.) 
260 |c 1950 
300 |a 78-80 
490 0 |a Honvéd : katonai folyóirat  |v 5 No. 9 
695 |a Hadtudomány 
856 4 0 |u http://misc.bibl.u-szeged.hu/14626/1/honved_005_009_078-080.pdf  |z Dokumentum-elérés